Statistics for Eurovision History Quiz

Click here to take the quiz!

General Stats

  • This quiz has been taken 303 times
    (22 since last reset)
  • The average score is 20 of 29

Answer Stats

YearHintAnswer% Correct
1956The first country to host the event. It also won that yearSwitzerland
100%
Winner (country)Switzerland
100%
1969Multiple countries win. how many?4
90%
France
90%
Winner (artist)Nemo
90%
1974Swedish band that won that year's contestABBA
86%
2015This non-european country gets invited to the contestAustralia
86%
2024Host city
Malmö
86%
2023This Swedish singer wins the contest for the second timeLoreen
86%
1988This Canadian singer wins for SwitzerlandCeline Dion
81%
1986Belgian winner Sandra Kim lied about her age by saying she was 15. Her actual age was...13
76%
2000France, Germany, Italy (since 2011), Spain and the UK are automatically qualified for the Grand Final from now on. They're known as the...Big 5
76%
Italy
76%
Luxembourg
76%
Winner (song)The Code
76%
1994This country wins for the 3th time in a rowIreland
71%
Netherlands
71%
Germany
67%
2024This Dutch singer got disqualified shortly before the final due to serious allegationsJoost Klein
67%
2006This Finnish band wins surprisinglyLordi
67%
2020For the first time ever, the event was cancelled. Intitially it was scheduled to be in this city.Rotterdam
67%
The other 6 participating countries in the first yearBelgium
62%
????For the first time, the contest is aired in color in that year1968
57%
2004Something that was introduced in order to keep the amount of participating countries at an appropriate numberSemi-Final
57%
1987This Irish singer wins the contest for the second timeJohnny Logan
52%
1980This country participated for the first and only timeMorocco
48%
2009This country withdraws due to its song "We Don't Wanna Put In" being too political to be accepted as an entryGeorgia
33%
First winning artistLys Assia
19%
First winnig songRefrain
14%

Score Distribution

Percentile by Number Answered

Percent of People with Each Score

Your Score History

You have not taken this quiz since the last reset